شرح القانون المدني الأردني : (رقم التسجيلة. 3369)

تفاصيل مارك
000 -الفاتح
عناصر البيانات ثابتة الطول 00780cam a2200205 a 4500
005 - تاريخ ووقت آخر معاملة
حقل ضبط 20260127094730.0
008 - عناصر البيانات ثابتة الطول
عناصر البيانات ثابتة الطول 250721s1995 jo gr 000 0 ara d
082 14 - رقم تصنيف ديوي العشري
رقم التصنيف 347.99565
رقم المادة س و ا
100 1# - مدخل رئيسي – اسم شخصي
الاسم الشخصي سوار، محمد وحيد الدين
علاقة الشخص بالعمل/ دوره مؤلف.
245 10 - بيان العنوان
العنوان شرح القانون المدني الأردني :
بقية العنوان الحقوق العينيه الأصليه /
بيان المسؤولية محمد وحيد الدين سوار.
250 ## - بيان الطبعة
بيان الطبعة الطبعة الاولى.
264 31 - بيانات النشر، التوزيع…إلخ
مكان النشر، التوزيع...إلخ عمان :
اسم الناشر، الموزع...إلخ مكتبة دار الثقافه،
تاريخ النشر، التوزيع...إلخ 1995.
300 ## - الوصف المادي
عدد الوحدات المكونة للوعاء 505 صفحة.
500 ## - ملاحظات عامة
ملاحظات عامة إعتمد 2 في الوصف الببليوغرافي
650 17 - مدخل إضافي بالموضوع - مصطلح موضوعي
مصطلح موضوعي أو اسم جغرافي كعنصر مدخل القانون المدني.
650 17 - مدخل إضافي بالموضوع - مصطلح موضوعي
مصطلح موضوعي أو اسم جغرافي كعنصر مدخل الملكية.
650 17 - مدخل إضافي بالموضوع - مصطلح موضوعي
مصطلح موضوعي أو اسم جغرافي كعنصر مدخل الأردن.
942 ## - بيانات إضافية (كوها)
نوع التنصيف Dewey Decimal Classification
نوع المادة (كوها) كتب
المقتنيات
حالة السحب حالة الفقدان مصدر التصنيف حالة التلف غير قابل للإعارة المكتبة الرئيسية المكتبة الحالية موقع الرف تاريخ التزويد الرقم المتسلسل Total Checkouts رقم الإستدعاء الباركود تاريخ آخر ظهور تاريخ الفاتورة نوع المادة (كوها)
    Dewey Decimal Classification     المكتبة المركزية المكتبة المركزية الإعارة 06/07/2004 185218   347.99565 / س و ا 185218 28/07/2025 06/07/2004 كتب
    Dewey Decimal Classification Unchecked   مكتبة الأميرة ايمان العامة مكتبة الأميرة ايمان العامة الإعارة 06/07/2004 533   347.99565/سوا   28/07/2025 06/07/2004 كتب
    Dewey Decimal Classification Unchecked   مكتبة الاميرة بديعة مكتبة الاميرة بديعة الإعارة 06/07/2004 4023   347.99565/سوا   28/07/2025 06/07/2004 كتب
    Dewey Decimal Classification Unchecked   مكتبة الجويدة مكتبة الجويدة الإعارة 06/07/2004 3648   347.99565/سوا   28/07/2025 06/07/2004 كتب
    Dewey Decimal Classification     مكتبة النصر العامة مكتبة النصر العامة الإعارة 18/11/2014 [5940]   347.99565/سوا PLD00310858 28/07/2025 18/11/2014 كتب
    Dewey Decimal Classification Unchecked   مكتبة صويلح العامة مكتبة صويلح العامة الإعارة 06/07/2004 8198   347.99565/سوا   28/07/2025 06/07/2004 كتب
Implemented & Customized by: BBB with SCIT (Smart Chains for Information Technology)

Powered by Koha